000 00362nam a22001577a 4500
003 MPLRDC
005 20220104142612.0
008 210129b ||||| |||| 00| 0 eng d
082 _a802.84 FDS
100 _a冯定山编著
245 _a通俗文选
_c
260 _a
_b香港世界出版社
_c1957
300 _b
650 _a
942 _cBK
_o802.84 FDS
999 _c32215
_d32205